Edo urban culture: Understanding acquiescence in an "Autonomous" arena Ranjana Mukhopadhaya (Record no. 1318060)

MARC details
000 -LEADER
fixed length control field 00584nam a2200181Ia 4500
005 - DATE AND TIME OF LATEST TRANSACTION
control field 20250507130151.0
008 - FIXED-LENGTH DATA ELEMENTS--GENERAL INFORMATION
fixed length control field 008 250505s9999 xx 000 0 eng d
037 ## - SOURCE OF ACQUISITION
Stock number DIS
040 ## - CATALOGING SOURCE
Original cataloging agency EASL
Language of cataloging eng
Transcribing agency EASL
041 ## - LANGUAGE CODE
Language code of text/sound track or separate title eng
Source of code eng
084 ## - COLON CLASSIFICATION NUMBER
Classification number 0000172
Assigning agency EASL
100 ## - MAIN ENTRY--PERSONAL NAME
Personal name N Kutoli
9 (RLIN) 674045
245 #0 - TITLE STATEMENT
Title Edo urban culture: Understanding acquiescence in an "Autonomous" arena Ranjana Mukhopadhaya
260 ## - PUBLICATION, DISTRIBUTION, ETC.
Place of publication, distribution, etc. India
Name of publisher, distributor, etc. Univesity of Delhi. Social Sciences. East Asian Studies (Delhi India)
Date of publication, distribution, etc. 2013
300 ## - PHYSICAL DESCRIPTION
Extent 150p.
942 ## - ADDED ENTRY ELEMENTS (KOHA)
Koha item type Dissertations
Classification part 0000172

No items available.

Copyright @ Delhi University Library System